| 000 | 01019nam0a22002531 4500 | ||
|---|---|---|---|
| 001 | rc\2756280 | ||
| 005 | 20250529150655.0 | ||
| 035 | _a(NLR Aleph) 006883002 | ||
| 090 |
_a7066996 _c7066996 |
||
| 100 | _a20110915d1940 |||y0rusy50 ca | ||
| 101 | 0 | _arus | |
| 102 | _aRU | ||
| 105 | _aa j ||||| | ||
| 200 | 1 |
_aПоиски и разведки полезных ископаемых _eРек. КВШ при СНК СССР в качестве учебника для втузов _fПроф. В. М. Крейтер |
|
| 210 |
_aМосква _aЛенинград _cГосгеолиздат _d1940 _eЛьвов |
||
| 215 |
_a792 с. _cил., черт. _d26 см. |
||
| 320 | _aБиблиогр.: с. 769-86 | ||
| 517 | 0 | _aПоиски и разведка месторождений полезных ископаемых | |
| 700 | 1 |
_aКрейтер _bВ.М. _f1897-1966 _gВладимир Михайлович |
|
| 801 | 0 |
_aRU _bNLR _gpsbo |
|
| 801 | 1 |
_aRU _bELAR _2rusmarc |
|
| 852 |
_aNLR _j40-5/263 |
||
| 942 | _cBOOK | ||
| 980 | _aNB | ||